Science Quiz

Random Science Quiz
Score 0/8 Timer 02:00
0 Plays Today
Questions answers % Correct
do wolves live in packs?yes
86.3%
do wolves eat ONLY meat?no
85.3%
Are wolves bloodthirsty creatures that attack anything upoun site?no
81.2%
how much do wolves generally weigh?80-120 lbs
9.1%
how long do wolves live in captivity?10-15
7.6%
how long do wolves live in the wild?7-9
7.1%
how long do wolves stay with the pack once they are born?1-3
7.1%
what are the two species of wolf?canis-rufus, canis lupus
7.1%
Remove Ads.
Support Sporcle.
Get the best of Sporcle when you Go Orange. This ad-free experience offers more features, more stats, and more fun while also helping to support Sporcle. Thank you for becoming a member.

You're not logged in!

Compare scores with friends on all Sporcle quizzes.
OR
Log In

Show Comments

Extras

Created Oct 25, 2010ReportNominate
Tags:Anything

Top Quizzes Today


Score Distribution

Your Account Isn't Verified!

In order to create a playlist on Sporcle, you need to verify the email address you used during registration. Go to your Sporcle Settings to finish the process.

Report this User

Report this user for behavior that violates our Community Guidelines.

Details: